00242nam a22001217a 4500040000700000082000800007100001700015245003400032260002300066300000900089942000700098999001500105 cSK a494 aNGUYEN VANSO aAgroforestry syllabus (DRAFT) aVIETNAMbNGUc1997 a12p. cEK c9230d9230